| 000 | 01760nam a2200301Ia 4500 | ||
|---|---|---|---|
| 999 |
_c53203 _d53203 |
||
| 001 | 20244 | ||
| 003 | GE_BSU | ||
| 005 | 20200701133241.0 | ||
| 008 | 181216s2001||||ge |||||||||||||| ||geo|| | ||
| 020 | _a999288259-X | ||
| 040 | _cGE_BSU | ||
| 041 | _ageo | ||
| 080 | _a811.353.1-8 უ-30 | ||
| 100 |
_aუთურგაიძე, თ. _97216 |
||
| 245 |
_aგრამატიკული კატეგორიებისა და მათი ურთიერთმიმართებისათვის ქართულ ზმნაში / _cთ. უთურგაიძე ; რედ. ე. ბაბუნაშვილი ; მ. ქურდიანი. |
||
| 264 |
_aთბილისი : _bქართული ენა, _c2001. |
||
| 300 |
_a244 გვ. ; _c20 სმ. |
||
| 500 | _aპარალელური სათაური ინგლისურ ენაზე | ||
| 504 | _aბიბლიოგრაფია : გვ. 240-242 | ||
| 541 | _h8 ლ. | ||
| 653 | _aგრამატიკული კატეგორიებისა და მათი ურთიერთმიმართებისათვის ქართულ ზმნაში | ||
| 653 | _aქართული ენა | ||
| 700 |
_aბაბუნაშვილი, ე. _eრედაქტორი _97828 |
||
| 700 |
_aქურდიანი, მ. _eრედაქტორი _95022 |
||
| 710 |
_aსაქართველოს სსრ მეცნიერებათა აკადემია _98938 |
||
| 710 |
_aარნოლდ ჩიქობავას სახელობის ენათმეცნიერების ინსტიტუტი _98177 |
||
| 942 |
_cBK _2udc |
||